000 00292nam a22001337a 4500
008 170807b xxu||||| |||| 00| 0 eng d
020 _a9780071603102
041 _aeng
080 _a004
100 _a34
101 _aSHKI
245 _aADOBE ILLUSTRATOR CS4
_cJENKINS, S
942 _2udc
_cBK
999 _c22833
_d22833